000 00527nam a2200181Ia 4500
008 240925s9999 xx 000 0 und d
020 _a9781292401133
082 _a006.3 RUS
100 _aRussell, Stuart ; Norving, Peter
245 0 _aArtificial Intelligence: a modern approach
250 _a4th
260 _aAustralia:
_bPearson Educ
_c,2022.
300 _a540p.
_b0
_fOriginal
500 _aIncludes Index
600 _aEngineering Technology
650 _aComputer science, information & general works
942 _cBK
999 _c18071
_d18071